000 00747cab a2200229 4500
001 WB3501-17
008 090401t1998 xxu||||| |||| 00| 0 eng d
035 _a(Sirsi) u90543
041 _aeng
245 _aAdvice sought on Jefri ruling
260 _c1998
350 _a0
490 _aFinancial Times
_v31 December 1998, 6(1)
520 _aFive top professional services firms are to seek legal advice on the implications of the Lords judgement on the use of `Chinese walls` in the case of "Prince Jefri v KPMG".
650 _aACCOUNTANCY
650 _aCHINESE WALLS
650 _aCONFLICTS OF INTEREST
650 _aPROFESSIONAL SERVICES
690 _aPROPERTY-PROPERTY FINANCE AND INVESTMENT
942 _n0
948 _c06/01/1999
999 _c57413
_d57413